| 000 | 00652cam a22002171i 4500 | ||
|---|---|---|---|
| 001 | he 67002346 | ||
| 003 | DLC | ||
| 005 | 20260227111451.0 | ||
| 008 | 880303m19501965is 000 0 heb | ||
| 010 | _ahe 67002346 | ||
| 035 | _a(OCoLC)19181649 | ||
| 040 |
_aDLC _cMH _dCU _dDLC |
||
| 042 | _apremarc | ||
| 050 | 0 | 0 |
_aBM522.26 _b.R4 |
| 100 | 1 | _aBreisch, Mordecai Jacob. | |
| 245 | 1 | 0 |
_aḤelḳat Yaʻaḳov : _bsheʼelot u-teshuvot be-4 ḥelḳe ha-Shulḥan ʻarukh ... |
| 260 |
_aYerushalayim : _bHotsaʼat Maḥaziḳe ha-dat, _c711-726 [1950 or 1951-1965 or 1966]. |
||
| 300 |
_a3 v. ; _c34-38 cm. |
||
| 650 | 0 | _aResponsa. | |
| 650 | 0 | _aEruv. | |
| 999 |
_c32780 _d32780 |
||